Online
Catalog
Normal view MARC view

Entry Nombre personal

Number of records used in: 8

001 - NÚMERO DE CONTROL

  • campo de control: 37744

003 - IDENTIFICADOR DEL NÚMERO DE CONTROL

  • campo de control: n 2001043295

005 - FECHA Y HORA DE LA ÚLTIMA TRANSACCIÓN

  • campo de control: 20240305111024.0

008 - DATOS DE LONGITUD FIJA

  • campo de control de longitud fija: 200615|| aca||aabn | a|a d

040 ## - FUENTE DE LA CATALOGACIÓN

  • Centro catalogador/agencia de origen: DO-SdBNP
  • Lengua de catalogación: spa
  • Centro/agencia transcriptor: BNPHU
  • Normas de descripción: rda

100 1# - ENCABEZAMIENTO-NOMBRE DE PERSONA

  • Nombre de persona: Vizardi, Ligio
  • Fechas asociadas al nombre: 1895-1968

370 ## - LUGAR ASOCIADO

  • Lugar de nacimiento: San Pedro de Macorís, República Dominicana

400 1# - TRAZADO DE VÉASE--NOMBRE DE PERSONA

  • Nombre de persona: Vizardi, L.
  • Fechas asociadas al nombre: 1895-1968

500 ## - TRAZADO DE VÉASE ADEMÁS--NOMBRE DE PERSONA

  • Nombre de persona: Díaz Ordoñez, Virgilio
  • Fechas asociadas al nombre: 1895-1968

670 ## - FUENTE DE DATOS ENCONTRADOS

  • Cita de la fuente: Work cat.: (OSt)16666: Vizardi, Ligio, La sombra iluminada /, 1929.

670 ## - FUENTE DE DATOS ENCONTRADOS

  • Cita de la fuente: Vizardi, Ligio. Poesías completas, 2000

670 ## - FUENTE DE DATOS ENCONTRADOS

  • Identificador Uniforme del Recurso: https://www.conectate.com.do/articulo/virgilio-diaz-ordonez-biografia-republica-dominicana/

Powered by Koha